000
00264pam a2200121 a 4500
020
_c
041
_a
eng
100
_a
Durden Field Smith.
245
_a
Cine-Biology
_h
Textual Documents
260
_a
New York
_b
Penguin Books Ltd
300
_a
128p.
930
_a
15308
999
_c
92208
_d
92208